[Event "Dortmund Sparkassen op-B"]
[Site "Dortmund"]
[Date "2013.08.03"]
[Round "8"]
[White "Lennartz, Miriam"]
[Black "Ropers, Klaus"]
[Result "0-1"]
[WhiteElo "1552"]
[BlackElo "1861"]
[PlyCount "68"]
[EventDate "2013.07.27"]
[EventType "swiss"]
[EventRounds "9"]
[EventCountry "GER"]
[SourceTitle "EXT 2022"]
[Source "ChessBase"]
[SourceDate "2021.10.06"]
[SourceVersion "1"]
[SourceVersionDate "2021.10.06"]
[SourceQuality "1"]

1. e4 c5 2. Nf3 Nc6 3. d4 cxd4 4. Nxd4 g6 5. c4 Bg7 6. Be3 Nf6 7. Nc3 0-0 8. Be2 d6 9. 0-0 Nxd4 10. Bxd4 Be6 11. f3 Qa5 12. Rc1 Rfc8 13. b3 a6 14. a4 Rab8 15. Kh1 Nd7 16. Bxg7 Kxg7 17. f4 Rc5 18. Nd5 Bxd5 19. cxd5 Qb4 20. Rc4 Rxc4 21. bxc4 Nc5 22. Qd4+ f6 23. Bd1 b5 24. axb5 axb5 25. Be2 Ra8 26. h4 Ra2 27. Bf3 bxc4 28. Rc1 Ra4 29. Kh2 Nb3 30. Qe3 Nxc1 31. Qxc1 c3 32. Qc2 Ra1 33. Qd3 Qb3 34. h5 Rb1 0-1

[Event "Dortmund Sparkassen op-B"]
[Site "Dortmund"]
[Date "2013.07.31"]
[Round "5"]
[White "Potyrala, Lukasz Rafal"]
[Black "Lennartz, Miriam"]
[Result "1/2-1/2"]
[WhiteElo "1722"]
[BlackElo "1552"]
[PlyCount "130"]
[EventDate "2013.07.27"]
[EventType "swiss"]
[EventRounds "9"]
[EventCountry "GER"]
[SourceTitle "EXT 2022"]
[Source "ChessBase"]
[SourceDate "2021.10.06"]
[SourceVersion "1"]
[SourceVersionDate "2021.10.06"]
[SourceQuality "1"]

1. d4 d5 2. Nf3 Nf6 3. Bf4 Bf5 4. e3 e6 5. Nbd2 Bd6 6. Ne5 Nbd7 7. Ndf3 h6 8. h3 0-0 9. Be2 Ne4 10. Nxd7 Qxd7 11. Ne5 Qd8 12. 0-0 c5 13. c3 Qc7 14. Nd3 Bxf4 15. Nxf4 Qb6 16. Qb3 Qxb3 17. axb3 cxd4 18. exd4 Nd2 19. Rfe1 Nxb3 20. Ra3 Nd2 21. Rea1 a6 22. Bd3 Bxd3 23. Nxd3 Nc4 24. R3a2 Rfc8 25. Nc5 Rc7 26. b3 Nd6 27. f3 Nb5 28. Rc1 a5 29. Kf2 b6 30. Na4 Nxd4 31. Nxb6 Ra6 32. Na4 Nxb3 33. Rb1 Nc5 34. Nxc5 Rxc5 35. Rb8+ Kh7 36. Rb3 e5 37. Ke3 a4 38. Rba3 Rc4 39. Rb2 Rac6 40. Kd3 e4+ 41. fxe4 dxe4+ 42. Kd2 f5 43. Rb5 Rd6+ 44. Ke2 f4 45. Rb4 Rdc6 46. Raxa4 Rxb4 47. Rxb4 Rxc3 48. Rxe4 g5 49. Re6 Kg7 50. Kf2 h5 51. Ra6 h4 52. Rb6 Re3 53. Rd6 Kf7 54. Ra6 Re6 55. Ra7+ Kf6 56. Ra8 Kf5 57. Ra5+ Re5 58. Ra8 Rd5 59. Rf8+ Ke4 60. Re8+ Re5 61. Rd8 Kf5 62. Rf8+ Ke4 63. Rd8 Kf5 64. Rd4 Re4 65. Rd8 Re5 1/2-1/2

[Event "Dortmund Sparkassen op-B"]
[Site "Dortmund"]
[Date "2013.07.28"]
[Round "2"]
[White "Lennartz, Miriam"]
[Black "Savchenko, Daniel"]
[Result "0-1"]
[WhiteElo "1552"]
[BlackElo "1741"]
[PlyCount "72"]
[EventDate "2013.07.27"]
[EventType "swiss"]
[EventRounds "9"]
[EventCountry "GER"]
[SourceTitle "EXT 2022"]
[Source "ChessBase"]
[SourceDate "2021.10.06"]
[SourceVersion "1"]
[SourceVersionDate "2021.10.06"]
[SourceQuality "1"]

1. e4 e5 2. Nf3 Nf6 3. Nxe5 d6 4. Nf3 Nxe4 5. d3 Nf6 6. Nc3 Be7 7. Bg5 0-0 8. Qd2 Re8 9. 0-0-0 Nc6 10. d4 d5 11. Re1 Be6 12. h4 a6 13. Ne5 Nd7 14. a3 Ndxe5 15. dxe5 d4 16. Nb1 b5 17. Bd3 Rb8 18. f4 Bd5 19. Bxe7 Rxe7 20. h5 a5 21. Bxh7+ Kxh7 22. Qd3+ Kh8 23. h6 g6 24. Rh2 Bc4 25. Qg3 d3 26. f5 dxc2 27. Nd2 Bd3 28. fxg6 Bxg6 29. Qf3 Re6 30. Qg3 Qe7 31. Nf3 Rd8 32. Nh4 Rd1+ 33. Rxd1 cxd1Q+ 34. Kxd1 Qd7+ 35. Kc1 Nd4 36. Qe3 Rc6+ 0-1

[Event "NRW-ch U18 Girls"]
[Site "Kranenburg"]
[Date "2008.03.28"]
[Round "6"]
[White "Turovskaja, Ludmila"]
[Black "Lennartz, Miriam"]
[Result "0-1"]
[WhiteElo "1195"]
[BlackElo "1346"]
[PlyCount "84"]
[EventDate "2008.03.24"]
[EventType "swiss"]
[EventRounds "7"]
[EventCountry "GER"]
[SourceTitle "EXT 2009"]
[Source "ChessBase"]
[SourceDate "2008.11.26"]
[SourceVersion "1"]
[SourceVersionDate "2008.11.26"]
[SourceQuality "1"]

1. e4 c5 2. Nf3 Nc6 3. Bc4 d6 4. 0-0 Nf6 5. Nc3 g6 6. d3 Bg7 7. Be3 0-0 8. Nd2 a6 9. a3 Ne5 10. d4 Nxc4 11. Nxc4 cxd4 12. Bxd4 Be6 13. Nd2 Rc8 14. Re1 Qd7 15. Qe2 Rfe8 16. Rad1 Qc6 17. Nb3 Bxb3 18. cxb3 b5 19. b4 Rcd8 20. e5 dxe5 21. Bxe5 e6 22. h3 Qb7 23. h4 h5 24. Rb1 Rd7 25. Qe3 Ng4 26. Qg3 Nxe5 27. Rxe5 Bxe5 28. Qxe5 Qc7 29. Qe3 Red8 30. g3 Qd6 31. Ne4 Qe5 32. Qf3 Kg7 33. Nc5 Rd2 34. Qc3 Qxc3 35. bxc3 R2d6 36. Kg2 Rb6 37. a4 bxa4 38. Nxa4 Rb7 39. Nc5 Ra7 40. Nb3 Rc7 41. Rc1 e5 42. Kf3 Rd3+ 0-1

[Event "NRW-ch U18 Girls"]
[Site "Kranenburg"]
[Date "2008.03.25"]
[Round "2"]
[White "Lennartz, Miriam"]
[Black "Wille, Julia"]
[Result "0-1"]
[WhiteElo "1346"]
[BlackElo "1398"]
[PlyCount "120"]
[EventDate "2008.03.24"]
[EventType "swiss"]
[EventRounds "7"]
[EventCountry "GER"]
[SourceTitle "EXT 2009"]
[Source "ChessBase"]
[SourceDate "2008.11.26"]
[SourceVersion "1"]
[SourceVersionDate "2008.11.26"]
[SourceQuality "1"]

1. e4 d6 2. d4 Nf6 3. Nc3 g6 4. Bc4 Bg7 5. f3 0-0 6. Nge2 c5 7. d5 a6 8. a4 Nbd7 9. Ng3 h6 10. h4 h5 11. Bf4 Ne5 12. Be2 e6 13. Qd2 Qc7 14. Bh6 exd5 15. Bxg7 Kxg7 16. Nxd5 Nxd5 17. Qxd5 Be6 18. Qd2 Rad8 19. 0-0-0 Kh7 20. Qc3 d5 21. exd5 Rxd5 22. Ne4 Rxd1+ 23. Rxd1 Nd7 24. Qd2 Bf5 25. Nd6 Be6 26. Ne4 Nb6 27. Qa5 Qf4+ 28. Kb1 Qe3 29. Ng5+ Kg7 30. Nxe6+ Qxe6 31. Bd3 Qc6 32. Qc3+ Kg8 33. b3 Nd5 34. Qd2 Qf6 35. Ka2 Nc3+ 36. Ka3 Nxd1 37. Qxd1 Rd8 38. Qe1 Kg7 39. Ka2 Qe6 40. Qc1 Rd4 41. Qa3 Rxh4 42. Be4 b6 43. Bd3 a5 44. Bc4 Qe5 45. Qc1 Rd4 46. Qg1 Rd2 47. Kb1 Qd4 48. Qxd4+ Rxd4 49. Kc1 Rh4 50. Kd2 Rh2 51. Bf1 Kf6 52. Ke3 Kf5 53. Bd3+ Kf6 54. Kf2 Rh4 55. Ke3 Ke5 56. c3 Rh1 57. c4 g5 58. Bc2 f5 59. g3 f4+ 60. gxf4+ gxf4+ 0-1

[Event "NRW-ch U18 Girls"]
[Site "Kranenburg"]
[Date "2007.04.10"]
[Round "3"]
[White "Lennartz, Miriam"]
[Black "Schaefer, Emma"]
[Result "1/2-1/2"]
[WhiteElo "1110"]
[BlackElo "1168"]
[PlyCount "55"]
[EventDate "2007.04.09"]
[EventType "swiss"]
[EventRounds "7"]
[EventCountry "GER"]
[SourceTitle "EXT 2008"]
[Source "ChessBase"]
[SourceDate "2007.11.25"]
[SourceVersion "1"]
[SourceVersionDate "2007.11.25"]
[SourceQuality "1"]

1. e4 d5 2. exd5 Qxd5 3. Nc3 Qd6 4. Nf3 a6 5. d4 Nf6 6. Be2 Nc6 7. 0-0 Bg4 8. Be3 0-0-0 9. Qd2 Bxf3 10. Bxf3 Nxd4 11. Bxd4 Qxd4 12. Qxd4 Rxd4 13. Rad1 e5 14. Rfe1 Bd6 15. Rxd4 exd4 16. Ne4 Nxe4 17. Rxe4 c5 18. h3 b6 19. Kf1 Kd8 20. b3 Re8 21. Ke2 f5 22. Rxe8+ Kxe8 23. Bc6+ Ke7 24. a4 a5 25. Kd3 Bc7 26. g4 fxg4 27. hxg4 g5 28. Ke4 1/2-1/2